|
|
|
|
| LEADER |
00000nam a2200000 a 4500 |
| 001 |
vtls001474729 |
| 003 |
SK-MaSNL |
| 005 |
20260426014546.0 |
| 008 |
240226s2003 xo a slo |
| 015 |
|
|
|a SNBE2004/03-01115
|
| 020 |
|
|
|a 8085672650
|
| 035 |
|
|
|a SNK000430030
|
| 035 |
|
|
|a urn:nbn:sk:snk-amyfc8
|
| 035 |
|
|
|a urn:nbn:sk:snk-am00cf0v
|
| 035 |
|
|
|a CDAE2D58-D5DD-4FB0-844E-12ED4A8D1EBE
|
| 040 |
|
|
|a SNK
|b slo
|c SNK
|e AACR2
|
| 041 |
0 |
|
|a slo
|
| 043 |
|
|
|a e-xo---
|
| 044 |
|
|
|a xo
|c SK
|
| 072 |
|
7 |
|a 528
|x Geodézia. Kartografia
|2 konspekt
|
| 080 |
|
|
|a 528
|2 1981
|
| 080 |
|
|
|a 528.9
|2 1981
|
| 080 |
|
|
|a 528.4
|2 1981
|
| 080 |
|
|
|a (437.6)
|2 1981
|
| 080 |
|
|
|a (036)
|2 1981
|
| 080 |
|
|
|a 528(437.6)(083.9)
|2 2. slo
|
| 245 |
0 |
|
|a Geodézia, kartografia a kataster nehnuteľností v Slovenskej republike
|c [autori textov: Karol Badlík ... [et al.]]
|
| 250 |
|
|
|a 2. vyd.
|
| 260 |
|
|
|a [Bratislava]
|b Úrad geodézie, kartografie a katastra Slovenskej republiky
|c 2003
|
| 300 |
|
|
|a 24 s.
|b mp., tab
|c 30 cm
|
| 500 |
|
|
|a 500 výt.
|
| 650 |
0 |
7 |
|a geodézia
|2 SNKPH
|9 819
|
| 650 |
0 |
7 |
|a kartografia
|2 SNKPH
|9 820
|
| 650 |
0 |
7 |
|a kataster nehnuteľností
|2 SNKPH
|9 2235
|
| 651 |
|
7 |
|a Slovensko
|2 SNKPHgeo
|9 14231
|
| 655 |
|
7 |
|a informačné publikácie
|2 SNKPH
|9 70181
|
| 655 |
|
7 |
|a príručky
|2 SNKPH
|9 74364
|
| 700 |
1 |
|
|a Badlík, Karol,
|d 1940-
|4 aut
|9 110741
|
| 700 |
1 |
|
|a Fičor, Dušan,
|d 1945-
|4 aut
|9 39411
|
| 700 |
1 |
|
|a Horňanský, Imrich,
|d 1940-
|4 aut
|9 239890
|
| 700 |
1 |
|
|a Klobušiak, Matej,
|d 1953-
|4 aut
|9 21503
|
| 700 |
1 |
|
|a Nikšová, Nadežda,
|d 1955-
|4 aut
|9 193850
|
| 700 |
1 |
|
|a Priam, Štefan,
|d 1936-
|4 aut
|9 99653
|
| 700 |
1 |
|
|a Vojtičko, Andrej,
|d 1943-
|4 aut
|9 15998
|
| 919 |
|
|
|a 80-85672-65-0
|
| 958 |
|
|
|a OND
|
| 999 |
|
|
|c 1161256
|d 1163186
|
| 952 |
|
|
|t P60, <03>, [BOOK], {603}
|a SNK
|b SNK
|y PREZ
|7 0
|p 17A0428786
|o snkSB 68551
|i snkKSP 6334/2004
|0 0
|1 0
|4 0
|d 2004-05-12
|f 1
|l 0
|r 2025-04-23 00:00:00
|w 2026-02-24
|
| 952 |
|
|
|t P60, <04>, [BOOK], {604}
|a SNK
|b SNK
|y VYP
|7 0
|p 17A0428785
|o snkSB 68551 D1
|i snkKSP 6335/2004
|0 0
|1 0
|4 0
|d 2004-05-12
|l 0
|r 2005-01-02 00:00:00
|w 2026-02-24
|